00486cam a2200157ua 45000010005000000080039000050400009000440820013000531000027000662450087000932500009001802600041001893000017002306530019002476530062002663181111012n ii |||gr||||Z||||||asm cMAIN a891.45131 aMishra, Krishna Kumar,11aBirinchi Kumar Baruah aru Prafulla Dutta Goswamir Upanyascby Krishna Kumar Mishra a3rd. aJoysagarh:bPrava Prakashani,c2001. a138p:c23cm. aAssamese novel aBirinchi Kumar Baruah aru Prafulla Dutta Goswamir Upanyas